Obálka Náhled e-knihy:
PDF Epub
Pro půjčování e-knih musíte být přihlášeni.
Jak si půjčit online?

Holky na vodítku. Jmenuji se Alice : jsem narkomanka /

Alice je dívka, které rodiče naplánovali kariéru lékařky, a ona se jim snaží vyhovět. Avšak na střední škole jsou větší nároky a Alice žije pod velkým tlakem, že se jí nepodaří vše zvládnout. Stres vyplývající ze strohé výchovy a nároků vede k touze po tom být sama sebou a vyzkoušet vše zakázané. S...

Celý popis

Uloženo v:
Série:Holky na vodítku, část
Hlavní autor: Březinová, Ivona, 1964- (Autor)
Médium: E-kniha
Jazyk:Czech
Vydáno: Praha : Albatros, 2018
Vydání:3. vydání
Témata:
Příbuzné jednotky:Z cyklu:: Holky na vodítku
Tagy:
Žádné tagy
LEADER 02950nam a2200565 i 4500
001 310887
003 CZ PrSKC
005 20260601215656.0
007 ta
008 180420s2018 xr c 000 f cze
015 |a cnb002993398 
020 |a 9788000050096  |q (vázáno) :  |c Kč 229,00 
035 |a (OCoLC)1039812262 
040 |a OLA001  |b cze  |d ABA001  |e rda 
072 7 |a 821.162.3-3  |x Česká próza  |2 Konspekt 
072 7 |a 821-93  |x Literatura pro děti a mládež (beletrie)  |2 Konspekt 
080 |a 821.162.3-31  |2 MRF 
080 |a 821-93  |2 MRF 
080 |a 613.81/.84  |2 MRF 
080 |a 364.692:615.015.6  |2 MRF 
080 |a (0:82-31)  |2 MRF 
100 1 |a Březinová, Ivona,  |d 1964-  |7 jn19990218010  |4 aut 
245 1 0 |a Holky na vodítku.  |p Jmenuji se Alice : jsem narkomanka /  |c Ivona Březinová 
246 3 |a Jmenuji se Alice, jsem narkomanka 
246 3 0 |a Jmenuji se Alice 
250 |a 3. vydání 
264 1 |a Praha :  |b Albatros,  |c 2018 
300 |a 125 stran ;  |c 21 cm 
336 |a text  |b txt  |2 rdacontent 
337 |a bez média  |b n  |2 rdamedia 
338 |a svazek  |b nc  |2 rdacarrier 
520 2 |a Alice je dívka, které rodiče naplánovali kariéru lékařky, a ona se jim snaží vyhovět. Avšak na střední škole jsou větší nároky a Alice žije pod velkým tlakem, že se jí nepodaří vše zvládnout. Stres vyplývající ze strohé výchovy a nároků vede k touze po tom být sama sebou a vyzkoušet vše zakázané. S novou láskou se dostává do společnosti, kde drogy jsou běžná věc a její život se rázem dramaticky změní. Příběh je psaný ve dvou rovinách. Jedna je tvořena přítomností odehrávající se právě v léčebně, druhou tvoří soukromý psychoterapeutický deník hlavní hrdinky. 
520 2 |a Kniha z volného cyklu Holky na vodítku vypráví o boji středoškolačky Alice s jedním z největších problémů současnosti - drogami. 
521 8 |a Pro čtenáře od 13 let 
650 0 7 |a drogy  |7 ph119615  |2 czenas 
650 0 7 |a drogová závislost  |7 ph117184  |2 czenas 
650 0 9 |a drugs of abuse  |2 eczenas 
650 0 9 |a drug dependence  |2 eczenas 
655 7 |a české romány  |7 fd133974  |2 czenas 
655 7 |a publikace pro mládež  |7 fd133157  |2 czenas 
655 9 |a Czech fiction  |2 eczenas 
655 9 |a juvenile literature  |2 eczenas 
787 0 8 |i Z cyklu:  |t Holky na vodítku 
900 |a ABA001  |b 21 
928 9 |a Albatros Media - Albatros 
928 9 |a Albatros Media - Albatros 
044 |a xr 
910 |a RBIT002 
998 |d 177961  |a https://core.palmknihy.cz/api/books/177961/cover?p6pg98  |b https://core.palmknihy.cz/api/books/177961/cover/400?p6pg98  |c https://core.palmknihy.cz/api/books/177961/cover/50?p6pg98  |e 2027-12-31  |g 128  |i 9788000050096  |j https://core.palmknihy.cz/api/books/177961/preview.epub  |k https://core.palmknihy.cz/api/books/177961/preview.pdf  |l   |q 49  |r 1  |s https://www.palmknihy.cz/kniha/177961  |t ebook  |y 2018  |z 0  |v Holky na vodítku  |w 2 
999 |d 310885